Loading...
| Science - Biology | 0 | 2 | 0 | 0 | 20 | 91 | 94.50 | 0 | 0 | 1.43 | 4.33 |
| Current Events | 0 | 2 | 0 | 1 | 20 | 46 | 72.50 | 0 | 0 | 8.09 | 5.16 |
| Science - Chemistry | 0 | 2 | 1 | 1 | 15 | 60 | 73.50 | 0 | 0 | 4.04 | 7.47 |
| History - American | 0 | 1 | 0 | 0 | 10 | 109 | 109.00 | 0 | 0 | 0.32 | 1.01 |
| Literature - British | 0 | 1 | 0 | 0 | 10 | 38 | 38.00 | 0 | 0 | 5.89 | 6.06 |
| Pop Culture | 0 | 1 | 0 | 0 | 10 | 41 | 41.00 | 0 | 0 | 10.83 | 5.56 |
| Science - Physics | 0 | 1 | 0 | 1 | 10 | 112 | 112.00 | 0 | 0 | 0.00 | 1.14 |
| Social Science | 0 | 1 | 0 | 1 | 10 | 105 | 105.00 | 0 | 0 | 0.00 | 1.56 |
| Fine Arts - Classical Music | 0 | 1 | 0 | 0 | 10 | 92 | 92.00 | 0 | 1 | 1.88 | 6.82 |
| Fine Arts - Other | 0 | 1 | 0 | 0 | 10 | 65 | 65.00 | 1 | 1 | 3.95 | 9.09 |
| Religion | 0 | 0 | 1 | 0 | -5 | 0.00 | 0 | 0 | 0.00 | 0.00 |